| 000 | 00966cam a2200229 4500 | ||
|---|---|---|---|
| 001 | WB3702-06 | ||
| 008 | 000000n2001 000 0 eng u | ||
| 035 | _a(Sirsi) u110286 | ||
| 245 | _aReverse fall in shop values | ||
| 260 | _c2001 | ||
| 490 |
_aRetail Week _v5 January 2001, 21(1) |
||
| 520 | _aNew research from Donaldsons indicates a 4% drop in value for high street shop units, as investors fear the impact of e-tailing and the downturn in fortunes of Marks & Spencer and C&A. However, Donaldsons highlight that average rents are still growing slowly, with a rise of 5.9% for central London rents in the six months to September. | ||
| 590 | _aWB | ||
| 650 | _aHIGH STREET SHOPS | ||
| 650 | _aPRIME SPACE | ||
| 650 | _aRENTAL GROWTH | ||
| 650 | _aRETAIL RENTS | ||
| 650 | _aPROPERTY-COMMERCIAL PROPERTY-RETAIL PROPERTY-RETAIL PROPERTY MARKET | ||
| 650 | _aCENTRAL LONDON | ||
| 690 | _aPROPERTY-COMMERCIAL PROPERTY-RETAIL PROPERTY | ||
| 942 | _n0 | ||
| 999 |
_c65767 _d65767 |
||